000 00338nam a2200121Ia 4500
008 220216s9999 xx 000 0 und d
245 0 _aGuideline on rubber industrial products development in Thailand
260 _bRubber International Magazine
_c2006
300 _a31-38
650 _aRubber industry
650 _aThailand
942 _cJS
999 _c60201
_d60201